| 000 | 03960nam a2200577Ii 4500 | ||
|---|---|---|---|
| 001 | DIGIBE0032 | ||
| 003 | NyNyDIG | ||
| 008 | 140701s2011 sp a ob 100 0 spa d | ||
| 006 | m o d | ||
| 007 | cr ||||||||||| | ||
| 020 |
_a9783954871124 _q(eBook) |
||
| 020 |
_z9788484896050 _q(Iberoamericana) |
||
| 020 |
_z8484896056 _q(Iberoamericana) |
||
| 020 |
_z9783865276582 _q(Vervuert) |
||
| 020 |
_z386527658X _q(Vervuert) |
||
| 035 | _a(OCoLC)891305864 | ||
| 041 | 0 |
_aspa _aeng |
|
| 043 | _acl----- | ||
| 040 |
_aDGITA _beng _erda _epn _cDGITA |
||
| 050 | 1 | 4 | _aGN562 eBook |
| 111 | 2 |
_aInternational Symposium: Ethnicity, Citizenship and Belonging in Latin America _n(1st : _d2010 : _cInterdisciplinary Latin America Center) |
|
| 245 | 1 | 0 |
_aEthnicity, citizenship and belonging : _bpractices, theory and spatial dimensions = Etnicidad, ciudadanía y pertenencia : prácticas, teoría y dimensiones espaciales / _cSarah Albiez, Nelly Castro, Lara Jüssen, Eva Youkhana, (eds.). |
| 246 | 3 | 1 | _aEtnicidad, ciudadanía y pertenencia |
| 264 | 1 |
_aMadrid : _bIberoamericana ; _aFrankfurt am Main : _bVervuert, _c2011. |
|
| 300 |
_a1 online resource (310 pages) : _billustrations. |
||
| 336 |
_atext _btxt _2rdacontent |
||
| 337 |
_acomputer _bc _2rdamedia |
||
| 338 |
_aonline resource _bcr _2rdacarrier |
||
| 490 | 1 |
_aEthnicity, citizenship and belonging in Latin America ; _v1 |
|
| 504 | _aIncludes bibliographical references. | ||
| 505 | 0 | _aLa construcción de diferencia en la zona de contacto : interrogantes al respecto de la etnicidad / Karoline Noack -- Shifting boundaries, emerging communities : thnicity and ethnogenesis on Nicaragua's Atlantic coast / Wolfgang Gabbert -- Guerra, formación del Estado e imaginario nacional en el Perú / Cecilia Méndez G. y Carla Granados Moya -- Derechos humanos y ciudadanías indígenas en América Latina / Rodolfo Stavenhagen -- Propuestas mayanistas e ideologías étnicas en Guatemala / Santiago Bastos -- Ciudadanía étnica : el caso de los mayas de Quintana Roo / Manuel Buenrostro Alba -- Autochthony, citizenship and exclusion : new patterns in the politics of belonging in Africa and Europe / Peter Geschiere -- From 'identity' to 'belonging' in social research : plurality, social boundaries, and the politics of the self / Joanna Pfaff-Czarnecka -- Nostalgia, food and belonging : Ecuadorians in New York City / Maria Amelia Viteri -- Contested practices of belonging : social mobility, spatial identity and the Día de los Muertos en Mexico / Eveline Dürr -- Video, migration and the dynamics of belonging between Mexico and the USA / Ingrid Kummels -- Local responses to transnational migration : citizenship, belonging and the case of Latin American migrants in Madrid / Lara Jüssen and Eva Youkhana. | |
| 586 | _aTexts in Spanish or English. | ||
| 588 | 0 | _aOnline resource; title from ePub and PDF title page (Digitalia, viewed July 5, 2014) | |
| 650 | 0 |
_aEthnicity _zLatin America _vCongresses. |
|
| 650 | 0 |
_aBelonging (Social psychology) _zLatin America _vCongresses. |
|
| 650 | 0 |
_aCitizenship _zLatin America _vCongresses. |
|
| 650 | 0 |
_aSocial integration _zLatin America _vCongresses. |
|
| 650 | 0 |
_aDifferentiation (Sociology) _vCongresses. |
|
| 655 | 0 | _aElectronic books. | |
| 700 | 1 |
_aAlbiez, Sarah, _eeditor. |
|
| 700 | 1 |
_aCastro, Nelly, _eeditor. |
|
| 700 | 1 |
_aJüssen, Lara, _eeditor. |
|
| 700 | 1 |
_aYoukhana, Eva, _eeditor. |
|
| 791 | 2 |
_aDigitalia (Firm), _edistributor. |
|
| 793 | 0 |
_gDigitalia eBook Collection: _aIberoamericana/Vervuert. |
|
| 776 | 0 | 8 |
_iPrint version: _tEthnicity, citizenship and belonging : practices, theory and spatial dimensions. _dMadrid : Iberoamericana ; Frankfurt am Main : Vervuert, 2011 _z9788484896050 _w(OCoLC)756578945 |
| 830 | 0 |
_aEthnicity, citizenship and belonging in Latin America ; _v1. |
|
| 856 | 4 | 0 |
_3Digitalia Hispánica _uhttps://www.digitaliapublishing.com/a/27680/ |
| 910 | _aPremium Collection: 2013 | ||
| 942 | _cRAA | ||
| 999 |
_c238817 _d238817 |
||